<?xml version="1.0" encoding="UTF-8"?>
<collection xmlns="http://www.loc.gov/MARC21/slim">
 <record>
  <leader>00694pamaa2200217   4500</leader>
  <controlfield tag="001">0000050872</controlfield>
  <controlfield tag="005">20140123090000.0</controlfield>
  <controlfield tag="008">121212s1996                             eng  </controlfield>
  <datafield tag="020" ind1="0" ind2="0">
   <subfield code="a">0750627972 </subfield>
  </datafield>
  <datafield tag="020" ind1="0" ind2="0">
   <subfield code="a">9780750627979 </subfield>
  </datafield>
  <datafield tag="090" ind1="0" ind2="0">
   <subfield code="a">TH435 </subfield>
   <subfield code="b">GED 1996</subfield>
  </datafield>
  <datafield tag="100" ind1="1" ind2="0">
   <subfield code="a">Geddes </subfield>
  </datafield>
  <datafield tag="245" ind1="1" ind2="0">
   <subfield code="a">Estimating for building and civil engineering works  </subfield>
   <subfield code="c">Spence Geddes; </subfield>
   <subfield code="f">edited by John Williams.</subfield>
  </datafield>
  <datafield tag="250" ind1="0" ind2="0">
   <subfield code="a">9th ed.</subfield>
  </datafield>
  <datafield tag="260" ind1="0" ind2="0">
   <subfield code="a">Oxford ; Boston: </subfield>
   <subfield code="b">Butterworth-Heinemann, </subfield>
   <subfield code="c">1996.</subfield>
  </datafield>
  <datafield tag="300" ind1=" " ind2=" ">
   <subfield code="a">313 p. : ill. ; 24 cm.</subfield>
  </datafield>
  <datafield tag="500" ind1="0" ind2="0">
   <subfield code="a">Includes index</subfield>
  </datafield>
  <datafield tag="650" ind1="0" ind2="0">
   <subfield code="a">Building -- </subfield>
   <subfield code="x">Estimates. </subfield>
  </datafield>
  <datafield tag="650" ind1="0" ind2="0">
   <subfield code="a">Civil engineering -- </subfield>
   <subfield code="x">Estimates. </subfield>
  </datafield>
  <datafield tag="700" ind1="1" ind2="1">
   <subfield code="a">Williams, </subfield>
   <subfield code="h">John. </subfield>
  </datafield>
  <datafield tag="901" ind1=" " ind2=" ">
   <subfield code="u">http://www.sponpress.com</subfield>
  </datafield>
 </record>
</collection>
